[Event "38th New York Masters"]
[Site "New York"]
[Date "2002.12.17"]
[Round "3"]
[White "Schmaltz, Roland"]
[Black "Benjamin, Joel"]
[Result "0-1"]
[WhiteElo "2628"]
[BlackElo "2688"]
[PlyCount "72"]
[EventDate "2002.12.17"]
[Source "Roberto Alvarez"]
[SourceDate "2003.05.19"]

1. e4 e5 2. Nf3 Nc6 3. Nc3 Nf6 4. g3 Bb4 5. Bg2 d6 6. d3 Nd4 7. h3 Be6 8. O-O Nxf3+ 9. Qxf3 Qd7 10. g4 Bxc3 11. bxc3 h6 12. c4 c5 13. Qe2 g5 14. Rb1 O-O-O 15. c3 Kb8 16. f4 gxf4 17. Bxf4 Rdg8 18. Be3 Nxg4 19. hxg4 Bxg4 20. Rf3 Rg6 21. Kh2 Rhg8 22. Qf2 Bxf3 23. Bxf3 h5 24. Qh4 Qa4 25. Rb2 Qa3 26. Rc2 Qa4 27. Bd1 a6 28. Qe7 Ka8 29. Rb2 Qc6 30. Qxf7 R6g7 31. Qf3 h4 32. Bf2 Qe8 33. Qf6 Rg2+ 34. Kh1 Qd7 35. Qf5 Qg7 36. Bf3 Rxf2 0-1

[Event "4th GM March"]
[Site "Taiyuan CHN"]
[Date "2007.07.08"]
[Round "4"]
[White "Zhang Pengxiang"]
[Black "Zvjaginsev, V."]
[Result "1/2-1/2"]
[WhiteElo "2649"]
[BlackElo "2658"]
[PlyCount "49"]
[EventDate "2007.07.04"]
[Source "www.chesslib.no"]
[SourceDate "2004.05.04"]

1. e4 e5 2. Nf3 Nc6 3. Nc3 Nf6 4. g3 Bc5 5. Bg2 d6 6. O-O a6 7. d3 Be6 8. Be3 Bxe3 9. fxe3 Ne7 10. Qe2 c6 11. Rad1 Ng6 12. d4 Qe7 13. Ng5 Bg4 14. Bf3 Bd7 15. Bg2 h6 16. Nf3 O-O 17. a3 Rfe8 18. h3 Rad8 19. Qf2 Rf8 20. Kh2 Bc8 21. Rfe1 Rfe8 22. Rf1 Rf8 23. Rfe1 Rfe8 24. Rf1 Rf8 25. Rfe1 1/2-1/2

[Event "Corr"]
[Site "?"]
[Date "2002.01.15"]
[Round "?"]
[White "Ekebjaerg Ove (DEN)"]
[Black "Hamarat Tunc (AUT)"]
[Result "1/2-1/2"]
[WhiteElo "2635"]
[BlackElo "2640"]
[PlyCount "58"]
[EventDate "2002.??.??"]
[Source "www.chesslib.no"]
[SourceDate "2004.05.04"]

1. Nc3 Nf6 2. e4 e5 3. Nf3 Nc6 4. g3 Bc5 5. Bg2 d6 6. d3 a6 7. O-O Be6 8. h3 h6 9. Be3 Qd7 10. Kh2 Bxe3 11. fxe3 O-O-O 12. d4 d5 13. exd5 Nxd5 14. Nxd5 Bxd5 15. c3 f5 16. b4 exd4 17. exd4 Rhf8 18. a4 Ne7 19. b5 a5 20. Qe2 Be4 21. Ne5 Qd5 22. Bxe4 Qxe4 23. Qa2 Qd5 24. Qa3 Rd6 25. Ra2 g5 26. Raf2 Re6 27. Qb2 Rd8 28. Re1 Rf6 29. Qd2 Kb8 1/2-1/2

[Event "Escaldes"]
[Site "?"]
[Date "2003.03.12"]
[Round "1"]
[White "De la Riva Oscar"]
[Black "Ponomariov Ruslan"]
[Result "0-1"]
[WhiteElo "2528"]
[BlackElo "2734"]
[PlyCount "127"]
[EventDate "2003.??.??"]
[Source "www.chesslib.no"]
[SourceDate "2004.05.04"]

1. e4 e5 2. Nf3 Nc6 3. Nc3 Nf6 4. g3 d5 5. exd5 Nxd5 6. Bg2 Nxc3 7. bxc3 Bc5 8. O-O O-O 9. Re1 Re8 10. d3 Bg4 11. h3 Bh5 12. Rb1 Bb6 13. Be3 Qd7 14. g4 Bg6 15. Nh4 Rad8 16. Qe2 Qe7 17. Nf5 Qe6 18. Be4 Qxa2 19. Rb3 Na5 20. Rb4 Qe6 21. Qf3 Bxe3 22. fxe3 b6 23. h4 c5 24. Ra4 c4 25. Rf1 cxd3 26. cxd3 Qb3 27. Raa1 Qxc3 28. Rac1 Qb3 29. Rc7 Qe6 30. g5 Rd7 31. Rxd7 Qxd7 32. h5 Bxf5 33. Bxf5 Qe7 34. Qg4 g6 35. hxg6 hxg6 36. Be4 Rd8 37. Qh4 Nb3 38. Rf6 Rd6 39. Rf3 Qf8 40. Rh3 Qg7 41. Qg4 Rd8 42. Bd5 Nc5 43. Bc4 a6 44. Rf3 Rf8 45. d4 exd4 46. exd4 b5 47. Bd5 Na4 48. Kg2 Nb6 49. Ba2 Nc4 50. Qd7 f5 51. Qe6+ Qf7 52. Qxa6 Re8 53. Kf2 Qe6 54. Qxe6+ Rxe6 55. Rc3 Rc6 56. Rb3 Ra6 57. Bb1 Ra5 58. Bd3 Nd6 59. Ke3 Kf7 60. d5 Ra4 61. Bxb5 Rg4 62. Be2 Rxg5 63. Rb6 Ke7 64. Ra6 0-1

[Event "Munchen"]
[Site "?"]
[Date "1992.??.??"]
[Round "?"]
[White "Christiansen, L."]
[Black "Gelfand, B."]
[Result "1-0"]
[WhiteElo "2595"]
[BlackElo "2665"]
[PlyCount "107"]
[EventDate "1992.??.??"]
[Source "ChessBase"]
[SourceDate "1992.02.01"]

1. e4 e5 2. Nf3 Nf6 3. Nc3 Nc6 4. d4 exd4 5. Nxd4 Bb4 6. Nxc6 bxc6 7. Bd3 d5 8. exd5 cxd5 9. O-O O-O 10. Bg5 c6 11. Ne2 Bg4 12. c3 Bd6 13. Qc2 h6 14. Bh4 Bd7 15. Bh7+ Kh8 16. Bf5 Bxf5 17. Qxf5 Qc8 18. Qxc8 Raxc8 19. Bxf6 gxf6 20. Nd4 Rfe8 21. Rfe1 Re5 22. Kf1 a5 23. g3 a4 24. f4 Rxe1+ 25. Rxe1 h5 26. Nf5 Bf8 27. Re2 Kh7 28. Ke1 Kg6 29. Nh4+ Kh7 30. Kd1 Rb8 31. Kc2 Bc5 32. Kd3 Bf8 33. Rc2 Rd8 34. b4 axb3 35. axb3 c5 36. Rd2 c4+ 37. bxc4 dxc4+ 38. Ke2 Re8+ 39. Kf3 Bc5 40. Nf5 Re1 41. Rd5 Rf1+ 42. Ke2 Rf2+ 43. Ke1 Bb6 44. Rb5 Ba7 45. Rb7 Ra2 46. Rxf7+ Kg6 47. Nd6 h4 48. f5+ Kh5 49. Rg7 hxg3 50. hxg3 Bb8 51. Ne8 Be5 52. Rg6 Bxc3+ 53. Kf1 Ra1+ 54. Kg2 1-0

[Event "TCh-AUT 1st Bundesliga 2007-8"]
[Site "Graz AUT"]
[Date "2008.03.16"]
[Round "11"]
[White "Baklan, V."]
[Black "Pavasovic, D."]
[Result "1/2-1/2"]
[WhiteElo "2647"]
[BlackElo "2601"]
[PlyCount "48"]
[EventDate "2008.03.14"]
[Source "www.chesslib.no"]
[SourceDate "2004.05.04"]

1. e4 e5 2. Nf3 Nc6 3. Nc3 Nf6 4. g3 Bc5 5. Bg2 d6 6. d3 a6 7. O-O Be6 8. Be3 Bxe3 9. fxe3 Ne7 10. Nh4 c6 11. d4 O-O 12. Qd3 Ng6 13. Nf5 d5 14. dxe5 Nxe4 15. Nxe4 dxe4 16. Qxe4 Qc7 17. Nd6 f6 18. c4 Nxe5 19. c5 Rad8 20. b4 Bd5 21. Qd4 Bxg2 22. Kxg2 Qe7 23. Rad1 Qe6 24. Rd2 Nc4 1/2-1/2

[Event "Bastia"]
[Site "?"]
[Date "2002.11.01"]
[Round "1.3"]
[White "Glek Igor"]
[Black "Tkachiev Vladislav"]
[Result "0-1"]
[WhiteElo "2622"]
[BlackElo "2620"]
[PlyCount "40"]
[EventDate "2002.??.??"]
[Source "www.chesslib.no"]
[SourceDate "2004.05.04"]

1. e4 e5 2. Nf3 Nf6 3. Nc3 Nc6 4. g3 d5 5. exd5 Nxd5 6. Bg2 Nxc3 7. bxc3 Bc5 8. O-O O-O 9. Re1 Qf6 10. d3 h6 11. Be3 Bb6 12. Nd2 Re8 13. Nb3 Na5 14. c4 Bxe3 15. Rxe3 Nc6 16. Qe1 Re7 17. Qe2 Bf5 18. Re1 Rae8 19. Bxc6 Qxc6 20. Nd4 Qf6 0-1

[Event "VIII Dos Hermanas Internet"]
[Site "ICC INT"]
[Date "2007.03.23"]
[Round "2.3"]
[White "Amonatov, F."]
[Black "Georgiev, Ki"]
[Result "1-0"]
[WhiteElo "2559"]
[BlackElo "2661"]
[PlyCount "97"]
[EventDate "2007.03.23"]
[Source "www.chesslib.no"]
[SourceDate "2004.05.04"]

1. e4 e5 2. Nf3 Nc6 3. Nc3 Nf6 4. g3 Bc5 5. Bg2 d6 6. O-O O-O 7. d3 a6 8. h3 Bd7 9. Be3 Bxe3 10. fxe3 Ne7 11. Nh4 Ng6 12. Nf5 Kh8 13. Qe2 Be6 14. Rf2 d5 15. exd5 Nxd5 16. Raf1 Nxc3 17. bxc3 Rb8 18. a3 b5 19. h4 Ne7 20. Be4 Nxf5 21. Bxf5 Qe7 22. Bxe6 Qxe6 23. Qf3 e4 24. Qxe4 Qxe4 25. dxe4 Kg8 26. Rd2 Rbe8 27. Rf4 Re6 28. Kf2 f6 29. c4 Rc6 30. Rd4 bxc4 31. Ke2 Re8 32. Kd2 h5 33. Rf5 Rce6 34. Rxh5 Rxe4 35. Rxe4 Rxe4 36. Rc5 Rg4 37. Rxc7 Rxg3 38. Rxc4 g5 39. hxg5 fxg5 40. Rc6 g4 41. Rxa6 Kf7 42. a4 Rg2+ 43. Kd3 g3 44. Rh6 Rf2 45. Rh4 g2 46. Rg4 Kf6 47. a5 Kf5 48. Rg8 Ke5 49. a6 1-0

[Event "Russia"]
[Site "?"]
[Date "2004.??.??"]
[Round "?"]
[White "Glek, I."]
[Black "Motylev, A."]
[Result "1/2-1/2"]
[WhiteElo "2570"]
[BlackElo "2645"]
[PlyCount "174"]
[EventDate "2004.??.??"]
[Source "Chess Informant"]
[SourceDate "2004.02.01"]

1. e4 e5 2. Nf3 Nf6 3. Nc3 Nc6 4. g3 Bb4 5. Bg2 O-O 6. O-O Re8 7. d3 h6 8. Bd2 Bxc3 9. Bxc3 d5 10. exd5 Nxd5 11. Re1 Nxc3 12. bxc3 Bg4 13. h3 Bh5 14. Rb1 Rb8 15. g4 Bg6 16. Nd2 Qd7 17. Qf3 f6 18. Qd5+ Qxd5 19. Bxd5+ Bf7 20. Bxc6 bxc6 21. c4 Rb6 22. Ne4 Ra6 23. Rb2 Bg6 24. Nc3 e4 25. dxe4 Bf7 26. Rb7 Ra3 27. Re3 Bxc4 28. Rxc7 Bxa2 29. Rxc6 Be6 30. Rd3 a5 31. Kg2 Ra1 32. Nb5 Ra4 33. Nd6 Rb8 34. f4 Rb2 35. Kf3 Rab4 36. f5 Ba2 37. Rc8+ Kh7 38. Ne8 Bf7 39. Rdd8 Rc4 40. Nd6 Rxc8 41. Rxc8 Bg8 42. Rc7 Kh8 43. Ke3 a4 44. Kd4 a3 45. Ra7 Rxc2 46. Rxa3 Rc6 47. Nb5 Rc4+ 48. Ke3 Rc1 49. Nd4 h5 50. gxh5 Bf7 51. Ne2 Rh1 52. Nf4 Bxh5 53. Kf2 Bf7 54. Ra8+ Kh7 55. Rf8 Bg8 56. Rb8 Ra1 57. Ng6 Ra3 58. h4 Rb3 59. Rd8 Ra3 60. Nf8+ Kh6 61. Ne6 Kh7 62. Nf8+ Kh6 63. Ng6 Kh7 64. Re8 Rb3 65. Ke2 Ra3 66. Kd2 Rb3 67. Ra8 Rg3 68. Nf8+ Kh6 69. Ng6 Kh7 70. Ke2 Rb3 71. Kf2 Rc3 72. Rf8 Ra3 73. Nf4 Rb3 74. h5 Rb7 75. Kf3 Rf7 76. Rc8 Ra7 77. Ng6 Rb7 78. Kf4 Ra7 79. Re8 Rb7 80. Ke3 Rb4 81. Nf8+ Kh6 82. Ne6 Kh7 83. Re7 Bxe6 84. fxe6 Rb5 85. Rd7 Re5 86. Rd6 Kh6 87. Kd4 Kh7 1/2-1/2

[Event "Monarch Assurance"]
[Site "Isle of Man"]
[Date "2007.09.23"]
[Round "2.2"]
[White "Kritz, Leonid"]
[Black "Roiz, Michael"]
[Result "1/2-1/2"]
[WhiteElo "2571"]
[BlackElo "2630"]
[PlyCount "48"]
[EventDate "2007.09.22"]
[Source "www.chesslib.no"]
[SourceDate "2004.05.04"]

1. e4 e5 2. Nf3 Nc6 3. Nc3 Nf6 4. g3 Nd4 5. Bg2 Nxf3+ 6. Qxf3 Bc5 7. h3 c6 8. d3 d6 9. Bd2 a5 10. O-O Be6 11. Be3 O-O 12. Rad1 Bd4 13. Qe2 Re8 14. Qd2 d5 15. Bg5 h6 16. Bxf6 Qxf6 17. exd5 Bxc3 18. Qxc3 cxd5 19. Qd2 Rac8 20. c3 b5 21. a3 Rcd8 22. Rde1 h5 23. d4 e4 24. f3 Qg6 1/2-1/2

[Event "Aiacciu Masters"]
[Site "?"]
[Date "2004.10.26"]
[Round "4.3"]
[White "Glek Igor V"]
[Black "Kobalia Mikhail"]
[Result "0-1"]
[WhiteElo "2580"]
[BlackElo "2621"]
[PlyCount "58"]
[EventDate "2004.??.??"]
[Source "www.chesslib.no"]
[SourceDate "2004.05.04"]

1. e4 e5 2. Nf3 Nc6 3. Nc3 Nf6 4. g3 Bc5 5. Bg2 d6 6. d3 a6 7. h3 h6 8. O-O Be6 9. Be3 Bxe3 10. fxe3 Ne7 11. Nh4 c6 12. Nf5 Bxf5 13. exf5 d5 14. Qe1 Qc7 15. a4 a5 16. g4 O-O-O 17. Rb1 d4 18. Ne4 Nfd5 19. exd4 exd4 20. f6 gxf6 21. Nxf6 Ne3 22. Rf2 h5 23. Nxh5 f5 24. Qe2 fxg4 25. hxg4 Rdg8 26. Qf3 Rxg4 27. Qf8+ Rxf8 28. Rxf8+ Qd8 29. Rxd8+ Kxd8 0-1

[Event "Aiacciu Masters"]
[Site "?"]
[Date "2004.10.26"]
[Round "4.2"]
[White "Glek Igor V"]
[Black "Kobalia Mikhail"]
[Result "1-0"]
[WhiteElo "2580"]
[BlackElo "2621"]
[PlyCount "72"]
[EventDate "2004.??.??"]
[Source "www.chesslib.no"]
[SourceDate "2004.05.04"]

1. e4 e5 2. Nf3 Nc6 3. Nc3 Nf6 4. g3 Bc5 5. Bg2 d6 6. d3 a6 7. h3 h6 8. O-O Be6 9. Be3 Bxe3 10. fxe3 Ne7 11. Nh4 c6 12. Nf5 Bxf5 13. exf5 Qb6 14. Qd2 d5 15. Na4 Qc7 16. g4 Nc8 17. c4 dxc4 18. dxc4 O-O 19. Rad1 Ne7 20. Qd6 Qxd6 21. Rxd6 Rfd8 22. Rfd1 Rxd6 23. Rxd6 h5 24. Bf3 hxg4 25. hxg4 e4 26. Be2 b5 27. Nb6 Rb8 28. c5 a5 29. Kf2 b4 30. Kg3 Nfd5 31. Nxd5 cxd5 32. Ba6 f6 33. c6 Rb6 34. Bb7 Kf7 35. Rd7 Kf8 36. Rxe7 d4 1-0

[Event "60th ch-RUS Higher League"]
[Site "Krasnoyarsk RUS"]
[Date "2007.09.09"]
[Round "6"]
[White "Novikov, St"]
[Black "Sakaev, K."]
[Result "1/2-1/2"]
[WhiteElo "2562"]
[BlackElo "2634"]
[PlyCount "171"]
[EventDate "2007.09.03"]
[Source "www.chesslib.no"]
[SourceDate "2004.05.04"]

1. e4 e5 2. d4 exd4 3. Nf3 Nc6 4. Nxd4 Nf6 5. Nc3 Bb4 6. Nxc6 bxc6 7. Bd3 d5 8. exd5 cxd5 9. O-O O-O 10. Bg5 c6 11. Qf3 h6 12. Bxf6 Qxf6 13. Qxf6 gxf6 14. Ne2 Re8 15. Nd4 Bb7 16. Nf5 Bf8 17. Rae1 Re5 18. Re3 Bc8 19. Nd4 Bd7 20. Rfe1 c5 21. Nf3 Rxe3 22. fxe3 a5 23. b3 a4 24. Nd2 Rb8 25. c4 Be6 26. cxd5 Bxd5 27. Kf2 Be6 28. h3 Bd6 29. Bc4 f5 30. Ke2 Bd7 31. Rb1 axb3 32. Rxb3 Rxb3 33. Bxb3 Kf8 34. Bd5 Ke7 35. Kd3 Bb5+ 36. Kc3 f4 37. exf4 Bxf4 38. Ne4 Be3 39. Kb3 Bd3 40. Nc3 Bd4 41. Bc4 Bxc3 42. Kxc3 Be4 43. g3 f6 44. a4 Kd6 45. a5 Bg2 46. h4 Kc6 47. Kd2 Be4 48. Ke3 Bf5 49. Kf4 Bc2 50. Kg4 Bg6 51. Kf3 Bf5 52. Kf4 Bc2 53. Kg4 Bg6 54. Be2 Kb7 55. Bb5 Kc7 56. Kf4 Kd6 57. Ke3 Bf5 58. Kd2 Bg6 59. Kc3 Bf7 60. Ba4 Be6 61. Be8 Ke7 62. Bc6 Kd6 63. Be4 Kc7 64. Kd3 Kb8 65. Bc6 Ka7 66. Bb5 Kb7 67. Kc3 Ka7 68. Be2 Kb7 69. Bc4 Bc8 70. Bd5+ Kc7 71. Bf3 Be6 72. Kd3 Kb8 73. Bc6 Kc7 74. Bb5 Kb7 75. Kc3 Ka7 76. Be2 Bf7 77. Bc4 Be8 78. Kd3 Bg6+ 79. Ke3 Kb7 80. Bb5 Bf5 81. Kf4 Be6 82. Ke4 Ka7 83. Kd3 Kb7 84. Kc3 Ka7 85. Bc4 Bd7 86. Bd3 1/2-1/2

[Event "NED Team Ch 9495"]
[Site "NED"]
[Date "1994.??.??"]
[Round "5"]
[White "Glek, Igor V"]
[Black "Piket, Jeroen"]
[Result "1/2-1/2"]
[WhiteElo "2590"]
[BlackElo "2605"]
[PlyCount "93"]
[EventDate "1994.??.??"]
[Source "www.chesslib.no"]
[SourceDate "2004.05.04"]

1. e4 e5 2. Nf3 Nc6 3. Nc3 Nf6 4. g3 Bb4 5. Bg2 Bxc3 6. dxc3 d6 7. Nh4 h6 8. Nf5 Bxf5 9. exf5 Qd7 10. g4 O-O-O 11. Qe2 d5 12. h3 Rhe8 13. O-O Qd6 14. a4 e4 15. Rd1 Qe5 16. Be3 h5 17. g5 Nd7 18. a5 Qxf5 19. a6 b6 20. c4 Nde5 21. Rxd5 Rxd5 22. cxd5 Nf3+ 23. Kf1 Qxd5 24. Rd1 Qf5 25. Qc4 Na5 26. Qb4 Nc6 27. Qc4 Rd8 28. Rxd8+ Nxd8 29. b4 h4 30. Ke2 Ne6 31. c3 Kd7 32. b5 Nfxg5 33. Qc6+ Ke7 34. c4 Nf3 35. Qb7 Nfd4+ 36. Kf1 Qc5 37. Bxe4 Qxc4+ 38. Kg2 Nxb5 39. Qc6 Nd6 40. Qa8 f5 41. Bd5 Nf4+ 42. Bxf4 Qxf4 43. Qxa7 Nb5 44. Qb7 Qg5+ 45. Kh2 Qd2 46. Kg2 Qg5+ 47. Kh2 1/2-1/2

[Event "Bonn GSK"]
[Site "Bonn"]
[Date "1994.??.??"]
[Round "7"]
[White "Glek, Igor V"]
[Black "Rozentalis, Eduardas"]
[Result "1-0"]
[WhiteElo "2590"]
[BlackElo "2605"]
[PlyCount "51"]
[EventDate "1994.??.??"]
[Source "ChessBase"]

1. e4 e5 2. Nf3 Nf6 3. Nc3 Nc6 4. g3 Bb4 5. Bg2 O-O 6. O-O Bxc3 7. dxc3 d6 8. Nh4 Be6 9. f4 exf4 10. Bxf4 Ng4 11. Nf5 Nge5 12. g4 f6 13. h3 Qd7 14. b3 Rae8 15. Bg3 Nf7 16. Qd2 Ng5 17. Rae1 Bf7 18. e5 Bg6 19. exd6 Nf7 20. Bd5 cxd6 21. Nxd6 Re7 22. Nxf7 Bxf7 23. Rxe7 Qxe7 24. Bd6 Qd8 25. Bxf8 Kxf8 26. c4 1-0

[Event "Munich GER"]
[Site "Munich GER"]
[Date "1992.??.??"]
[Round "5"]
[White "Lutz, Christopher"]
[Black "Jussupow, Artur M"]
[Result "0-1"]
[WhiteElo "2540"]
[BlackElo "2655"]
[PlyCount "50"]
[EventDate "1992.??.??"]
[Source "www.chesslib.no"]
[SourceDate "2004.05.04"]

1. e4 e5 2. Nf3 Nf6 3. Nc3 Nc6 4. d4 exd4 5. Nxd4 Bb4 6. Nxc6 bxc6 7. Bd3 d5 8. exd5 cxd5 9. O-O O-O 10. Bg5 c6 11. Ne2 h6 12. Bh4 Bd6 13. Nd4 c5 14. Nf5 Bxf5 15. Bxf5 Rb8 16. b3 Be5 17. Rb1 Qd6 18. Bg3 Bxg3 19. hxg3 Rfe8 20. Re1 Rxe1+ 21. Qxe1 Re8 22. Qd2 Qe5 23. Kf1 Qxg3 24. b4 g6 25. Qd4 c4 0-1

[Event "Munchen"]
[Site "?"]
[Date "1992.??.??"]
[Round "?"]
[White "Lutz, Ch"]
[Black "Yusupov, A."]
[Result "0-1"]
[WhiteElo "2540"]
[BlackElo "2655"]
[PlyCount "120"]
[EventDate "1992.??.??"]
[Source "ChessBase"]
[SourceDate "1992.02.01"]

1. e4 e5 2. Nf3 Nf6 3. Nc3 Nc6 4. d4 exd4 5. Nxd4 Bb4 6. Nxc6 bxc6 7. Bd3 d5 8. exd5 cxd5 9. O-O O-O 10. Bg5 c6 11. Ne2 h6 12. Bh4 Bd6 13. Nd4 c5 14. Nf5 Bxf5 15. Bxf5 Rb8 16. b3 Be5 17. Rb1 Qd6 18. Bg3 Bxg3 19. hxg3 Rfe8 20. Re1 Rxe1+ 21. Qxe1 Re8 22. Qd2 Qe5 23. Qf4 Qc3 24. Rf1 g6 25. Bd3 Kg7 26. f3 a5 27. g4 c4 28. bxc4 g5 29. Qc7 Qd4+ 30. Kh2 h5 31. gxh5 Qh4+ 32. Kg1 Nxh5 33. Qb6 Ng3 34. cxd5 Nxf1 35. Bxf1 Qb4 36. Qxb4 axb4 37. Bb5 Re1+ 38. Kf2 Rd1 39. Bd3 Kf6 40. Ke2 Rg1 41. Kf2 Rc1 42. d6 Ke6 43. Bc4+ Kxd6 44. Bxf7 Rxc2+ 45. Kg3 Ke5 46. Bb3 Rd2 47. Bg8 Kd4 48. Bb3 Ke3 49. Bc4 Rd4 50. Bb5 Kd2 51. Kh3 Ke1 52. Kg3 Rd5 53. Ba6 Rd2 54. Bc4 Rc2 55. Bb3 Rf2 56. Kh2 Rd2 57. Kg1 Ke2 58. Bc4+ Ke3 59. Bb3 Kf4 60. Kh2 Rd6 0-1

[Event "Wall Street 5'"]
[Site "New York, NY USA"]
[Date "1993.??.??"]
[Round "1.2"]
[White "Wolff, Patrick G"]
[Black "Rohde, Michael A"]
[Result "1-0"]
[WhiteElo "2580"]
[BlackElo "2595"]
[PlyCount "63"]
[EventDate "1993.??.??"]
[Source "www.chesslib.no"]
[SourceDate "2004.05.04"]

1. e4 e5 2. Nf3 Nc6 3. Nc3 Nf6 4. a3 d6 5. d4 exd4 6. Nxd4 g6 7. Bb5 Bd7 8. O-O Bg7 9. Bxc6 bxc6 10. Bg5 h6 11. Bf4 O-O 12. Qd2 Ng4 13. h3 Ne5 14. Bxh6 c5 15. Bxg7 Kxg7 16. Nde2 Rh8 17. f4 Nc4 18. Qd3 Nxb2 19. Qf3 Bc6 20. Nd5 Bxd5 21. exd5 Qf6 22. Nc3 Nc4 23. Rad1 Rae8 24. Ne4 Qb2 25. f5 Ne5 26. Qe2 Rh4 27. fxg6 fxg6 28. Ng5 Qc3 29. Ne6+ Kg8 30. Qf2 Qc4 31. Qf6 Rh7 32. Qf8+ 1-0

[Event "Mumbai 87/303"]
[Site "?"]
[Date "2003.??.??"]
[Round "?"]
[White "Dzhumaev, M."]
[Black "Kasimdzhanov, R."]
[Result "1/2-1/2"]
[WhiteElo "2495"]
[BlackElo "2680"]
[PlyCount "83"]
[EventDate "2003.??.??"]
[Source "Chess Informant"]
[SourceDate "2003.02.01"]

1. e4 e5 2. Nf3 Nf6 3. Nc3 Nc6 4. g3 d5 5. exd5 Nxd5 6. Bg2 Nxc3 7. bxc3 Be7 8. O-O O-O 9. Qe1 Bf6 10. d3 Bf5 11. Ba3 Re8 12. Nd2 Rb8 13. Rb1 Qc8 14. Qe3 Qe6 15. Qf3 Bg5 16. Ne4 Bxe4 17. Qxe4 Qxa2 18. Qa4 Qe6 19. Bc5 a6 20. c4 Red8 21. Rb2 b6 22. Bxc6 bxc5 23. Rxb8 Rxb8 24. Qxa6 g6 25. Qa7 Rb6 26. Bd5 Qe7 27. Ra1 Kg7 28. Qa8 Qf6 29. h4 Bd2 30. Qa3 Bb4 31. Qc1 c6 32. Bxf7 Qxf7 33. c3 Rb7 34. cxb4 cxb4 35. Qb2 Qf6 36. Ra8 c5 37. Re8 Re7 38. Rd8 Rb7 39. Re8 Re7 40. Rd8 Rb7 41. Re8 Re7 42. Rd8 1/2-1/2

[Event "SVK Cup"]
[Site "Trencianske Teplice"]
[Date "2002.03.29"]
[Round "1"]
[White "Movsesian, Sergei"]
[Black "Stocek, Jiri"]
[Result "1/2-1/2"]
[WhiteElo "2624"]
[BlackElo "2545"]
[PlyCount "29"]
[EventDate "2002.03.29"]
[Source "ChessBase"]
[SourceDate "2002.05.03"]

1. e4 e5 2. Nf3 Nc6 3. d4 exd4 4. Nxd4 Nf6 5. Nc3 Bb4 6. Nxc6 bxc6 7. Bd3 d5 8. exd5 Qe7+ 9. Be2 Nxd5 10. Bd2 Bxc3 11. bxc3 Ba6 12. Kf1 Bxe2+ 13. Qxe2 Qxe2+ 14. Kxe2 O-O-O 15. Rhe1 1/2-1/2

[Event "FRA-Tch B"]
[Site "?"]
[Date "1997.??.??"]
[Round "6"]
[White "Glek Igor V"]
[Black "Godena Michele"]
[Result "1/2-1/2"]
[WhiteElo "2620"]
[BlackElo "2545"]
[PlyCount "59"]
[EventDate "1997.??.??"]
[Source "www.chesslib.no"]
[SourceDate "2004.05.04"]

1. e4 e5 2. Nf3 Nc6 3. Nc3 Nf6 4. g3 d5 5. exd5 Nxd5 6. Bg2 Nxc3 7. bxc3 Bd6 8. O-O O-O 9. Rb1 Rb8 10. d4 Bg4 11. h3 Bd7 12. Be3 b6 13. Qd3 h6 14. Nd2 Na5 15. f4 exf4 16. Bxf4 Bc6 17. Ne4 Bxf4 18. Rxf4 f5 19. Rbf1 Qd7 20. Nd2 Bxg2 21. Kxg2 Qd5+ 22. R4f3 Qxa2 23. Rxf5 Rxf5 24. Qxf5 Re8 25. d5 Re2+ 26. Rf2 Rxf2+ 27. Kxf2 Qa3 28. Qe6+ Kh7 29. Qf5+ Kg8 30. Qe6+ 1/2-1/2

[Event "CRO-chT"]
[Site "?"]
[Date "1997.??.??"]
[Round "?"]
[White "Sermek Drazen"]
[Black "Lalic Bogdan"]
[Result "1/2-1/2"]
[WhiteElo "2575"]
[BlackElo "2585"]
[PlyCount "33"]
[EventDate "1997.??.??"]
[Source "www.chesslib.no"]
[SourceDate "2004.05.04"]

1. e4 e5 2. Nf3 Nc6 3. Nc3 Nf6 4. g3 Bc5 5. Bg2 d6 6. d3 O-O 7. O-O a6 8. Be3 Nd4 9. Bxd4 exd4 10. Ne2 Bg4 11. h3 Bxf3 12. Bxf3 d5 13. exd5 Nxd5 14. c4 dxc3 15. Nxc3 Nxc3 16. bxc3 c6 17. d4 1/2-1/2

[Event "Lewkowitz Memorial B"]
[Site "Lewkowitz Memorial B"]
[Date "1994.??.??"]
[Round "?"]
[White "Podkrajsek, Janez"]
[Black "Morgado, Juan Sebastian"]
[Result "0-1"]
[WhiteElo "2540"]
[BlackElo "2615"]
[PlyCount "62"]
[EventDate "1994.??.??"]
[Source "www.chesslib.no"]
[SourceDate "2004.05.04"]

1. e4 e5 2. Nf3 Nf6 3. Nc3 Nc6 4. d4 exd4 5. Nxd4 Bb4 6. Nxc6 bxc6 7. Bd3 d5 8. exd5 cxd5 9. O-O O-O 10. Bg5 Be6 11. Nb5 c5 12. a3 Ba5 13. b4 cxb4 14. axb4 Bxb4 15. Nxa7 h6 16. Bh4 Qb6 17. Ra6 Qb7 18. Bxf6 Rxa7 19. Bxg7 Rxa6 20. Bxh6 Rc8 21. Qh5 Bc3 22. Qg5+ Kh8 23. Qh4 Rac6 24. Bg5+ Kg8 25. Qh7+ Kf8 26. f4 Qb6+ 27. Kh1 Bd7 28. g4 Ra8 29. Re1 Re6 30. Rxe6 Ra1+ 31. Kg2 Bxe6 0-1

[Event "Capablanca mem Elite"]
[Site "Havana"]
[Date "1999.05.13"]
[Round "6"]
[White "Comas Fabrego, Luis"]
[Black "Morovic Fernandez, Ivan"]
[Result "0-1"]
[WhiteElo "2541"]
[BlackElo "2613"]
[PlyCount "42"]
[EventDate "1999.05.??"]
[Source "ChessBase"]
[SourceDate "1999.08.01"]

1. e4 e5 2. Nf3 Nc6 3. Nc3 Nf6 4. g3 Bc5 5. Bg2 d6 6. h3 O-O 7. d3 a6 8. O-O Be6 9. Be3 Bxe3 10. fxe3 d5 11. exd5 Nxd5 12. Nxd5 Bxd5 13. e4 Be6 14. Kh2 Qd6 15. Nh4 Ne7 16. Nf5 Qd7 17. Qg4 g6 18. Nh6+ Kg7 19. Qh4 f6 20. Rf2 Qe8 21. Ng4 Ng8 0-1

[Event "Keres mem rap"]
[Site "Tallinn"]
[Date "2004.01.04"]
[Round "7"]
[White "Brodsky, Michail"]
[Black "Rozentalis, Eduardas"]
[Result "1/2-1/2"]
[WhiteElo "2528"]
[BlackElo "2625"]
[PlyCount "32"]
[EventDate "2004.01.03"]
[Source "ChessBase"]
[SourceDate "2004.06.01"]

1. e4 e5 2. Nf3 Nf6 3. Nc3 Nc6 4. g3 Bc5 5. Bg2 O-O 6. O-O d6 7. d3 h6 8. Be3 Bxe3 9. fxe3 Ne7 10. Nh4 d5 11. Rxf6 gxf6 12. exd5 Ng6 13. Qh5 Nxh4 14. Qxh4 Kg7 15. Rf1 f5 16. Qc4 Bd7 1/2-1/2